
Library Catalogue

| 000 -LEADER | |
|---|---|
| fixed length control field | 00523nam a22001817a 4500 |
| 003 - CONTROL NUMBER IDENTIFIER | |
| control field | OSt |
| 005 - DATE AND TIME OF LATEST TRANSACTION | |
| control field | 20200908221521.0 |
| 008 - FIXED-LENGTH DATA ELEMENTS--GENERAL INFORMATION | |
| fixed length control field | 190724b2010 ||||| |||| 00| 0 eng |
| 040 ## - CATALOGING SOURCE | |
| Transcribing agency | NLS |
| 082 ## - DEWEY DECIMAL CLASSIFICATION NUMBER | |
| Classification number | 340.092 PAT |
| 100 ## - MAIN ENTRY--PERSONAL NAME | |
| Personal name | Yatagal Patil |
| 245 ## - TITLE STATEMENT | |
| Title | Divine grace : |
| Statement of responsibility, etc. | Biography of Shivaraj Patil |
| 260 ## - PUBLICATION, DISTRIBUTION, ETC. | |
| Place of publication, distribution, etc. | Dharwad |
| Name of publisher, distributor, etc. | Sangati |
| Date of publication, distribution, etc. | 2010 |
| 300 ## - PHYSICAL DESCRIPTION | |
| Extent | HB |
| 505 ## - FORMATTED CONTENTS NOTE | |
| Formatted contents note | Contents<br/>1 Biography<br/>1.1 Legal career<br/>1.2 Post-judicial career<br/>2 References |
| 600 ## - SUBJECT ADDED ENTRY--PERSONAL NAME | |
| Personal name | Legal Biographies - Shivaraj Patil |
| 942 ## - ADDED ENTRY ELEMENTS (KOHA) | |
| Source of classification or shelving scheme | Dewey Decimal Classification |
| Koha item type | BOOKs |
| Withdrawn status | Lost status | Source of classification or shelving scheme | Materials specified (bound volume or other part) | Damaged status | Not for loan | Home library | Current library | Shelving location | Date acquired | Source of acquisition | Cost, normal purchase price | Total Checkouts | Full call number | Barcode | Date last seen | Price effective from | Koha item type | Public note |
|---|---|---|---|---|---|---|---|---|---|---|---|---|---|---|---|---|---|---|
| Dewey Decimal Classification | HB | . | . | 24.07.2019 | Gratis | 200.00 | 340.092 PAT | 37302 | 24.07.2019 | 24.07.2019 | BOOKs | Donated By Vice Chancellor's Office, NLSIU |